MARC

LEADER 00000nam0a2200000 4500
001 308405
005 20231102002105.0
035 |a (RuTPU)RU\TPU\book\333725 
090 |a 308405 
100 |a 20151102d1981 km y0rusy50 ca 
101 0 |a rus 
102 |a RU 
105 |a a z 001zy 
200 1 |a Вентиляция рабочих мест в сварочном производстве  |f В. Л. Писаренко, М. Л. Рогинский 
210 |a Москва  |c Машиностроение  |d 1981 
215 |a 120 с.  |c ил. 
320 |a Библиогр.: с. 119-120 
606 1 |a Сварочное производство  |2 stltpush  |3 (RuTPU)RU\TPU\subj\54028  |9 72190 
610 1 |a рабочие места 
610 1 |a сварщики 
610 1 |a вентиляция 
610 1 |a условия труда 
610 1 |a тепловая резка 
610 1 |a методы 
610 1 |a сварочные процессы 
610 1 |a расчеты 
610 1 |a отсосы 
610 1 |a проектирование 
675 |a 621.791  |v 4 
700 1 |a Писаренко  |b В. Л.  |g Вадим Леонидович 
701 1 |a Рогинский  |b М. Л.  |g Михаил Львович 
801 1 |a RU  |b 63413507  |c 20151102 
801 2 |a RU  |b 63413507  |c 20191025  |g RCR 
942 |c BK